<?xml version="1.0" encoding="UTF-8"?>
<record
    xmlns:xsi="http://www.w3.org/2001/XMLSchema-instance"
    xsi:schemaLocation="http://www.loc.gov/MARC21/slim http://www.loc.gov/standards/marcxml/schema/MARC21slim.xsd"
    xmlns="http://www.loc.gov/MARC21/slim">

  <leader>01371cam a2200397   4500</leader>
  <datafield tag="999" ind1=" " ind2=" ">
    <subfield code="c">23217</subfield>
    <subfield code="d">23217</subfield>
  </datafield>
  <controlfield tag="001">vtls011887924</controlfield>
  <controlfield tag="005">20220427112005.0</controlfield>
  <controlfield tag="008">190918s2018    xo     gri    000 0 slo  </controlfield>
  <datafield tag="020" ind1=" " ind2=" ">
    <subfield code="a">9788089973040</subfield>
    <subfield code="q">(viazan&#xE9;)</subfield>
  </datafield>
  <datafield tag="040" ind1=" " ind2=" ">
    <subfield code="a">TTKJF</subfield>
    <subfield code="b">slo</subfield>
    <subfield code="c">TTKJF</subfield>
    <subfield code="d">SNK</subfield>
    <subfield code="e">rda</subfield>
  </datafield>
  <datafield tag="041" ind1="0" ind2=" ">
    <subfield code="a">slo</subfield>
  </datafield>
  <datafield tag="044" ind1=" " ind2=" ">
    <subfield code="a">xo</subfield>
    <subfield code="c">SK</subfield>
  </datafield>
  <datafield tag="072" ind1=" " ind2="7">
    <subfield code="a">82-1/-8</subfield>
    <subfield code="x">Literat&#xFA;ra r&#xF4;znych foriem a &#x17E;&#xE1;nrov (o nej)</subfield>
    <subfield code="2">konspekt</subfield>
  </datafield>
  <datafield tag="080" ind1=" " ind2=" ">
    <subfield code="a">82-1/-9</subfield>
    <subfield code="2">2011</subfield>
  </datafield>
  <datafield tag="080" ind1=" " ind2=" ">
    <subfield code="a">82-312.4</subfield>
    <subfield code="2">2011</subfield>
  </datafield>
  <datafield tag="080" ind1=" " ind2=" ">
    <subfield code="a">82.0</subfield>
    <subfield code="2">2011</subfield>
  </datafield>
  <datafield tag="100" ind1="1" ind2=" ">
    <subfield code="a">F&#xF6;ldv&#xE1;ri, Kornel,</subfield>
    <subfield code="d">1932-2015</subfield>
    <subfield code="4">aut</subfield>
    <subfield code="9">2939</subfield>
  </datafield>
  <datafield tag="245" ind1="1" ind2=" ">
    <subfield code="a">O detekt&#xED;vke</subfield>
    <subfield code="c">Kornel F&#xF6;ldv&#xE1;ri ; doslov Pavel Vilikovsk&#xFD;</subfield>
  </datafield>
  <datafield tag="250" ind1=" " ind2=" ">
    <subfield code="a">Druh&#xE9; vydanie</subfield>
  </datafield>
  <datafield tag="264" ind1=" " ind2="1">
    <subfield code="a">Levice</subfield>
    <subfield code="b">Koloman Kert&#xE9;sz Bagala</subfield>
    <subfield code="c">2018</subfield>
  </datafield>
  <datafield tag="300" ind1=" " ind2=" ">
    <subfield code="a">179 str&#xE1;n</subfield>
    <subfield code="c">22 cm</subfield>
  </datafield>
  <datafield tag="336" ind1=" " ind2=" ">
    <subfield code="a">text</subfield>
    <subfield code="b">txt</subfield>
    <subfield code="2">rdacontent</subfield>
  </datafield>
  <datafield tag="337" ind1=" " ind2=" ">
    <subfield code="a">bez m&#xE9;dia</subfield>
    <subfield code="b">n</subfield>
    <subfield code="2">rdamedia</subfield>
  </datafield>
  <datafield tag="338" ind1=" " ind2=" ">
    <subfield code="a">zv&#xE4;zok</subfield>
    <subfield code="b">nc</subfield>
    <subfield code="2">rdacarrier</subfield>
  </datafield>
  <datafield tag="490" ind1="1" ind2=" ">
    <subfield code="a">Kornel F&#xF6;ldv&#xE1;ri</subfield>
  </datafield>
  <datafield tag="500" ind1=" " ind2=" ">
    <subfield code="a">Obsahuje biografick&#xE9; &#xFA;daje o autorovi na str. 179</subfield>
  </datafield>
  <datafield tag="650" ind1="0" ind2="7">
    <subfield code="a">liter&#xE1;rne &#x17E;&#xE1;nre</subfield>
    <subfield code="2">SNKPH</subfield>
    <subfield code="9">2940</subfield>
  </datafield>
  <datafield tag="650" ind1="0" ind2="7">
    <subfield code="a">Literary forms</subfield>
    <subfield code="2">SNKPHeng</subfield>
    <subfield code="9">2941</subfield>
  </datafield>
  <datafield tag="650" ind1="0" ind2="7">
    <subfield code="a">detekt&#xED;vna literat&#xFA;ra</subfield>
    <subfield code="2">SNKPH</subfield>
    <subfield code="9">2942</subfield>
  </datafield>
  <datafield tag="650" ind1="0" ind2="7">
    <subfield code="a">Detective literature</subfield>
    <subfield code="2">SNKPHeng</subfield>
    <subfield code="9">2943</subfield>
  </datafield>
  <datafield tag="650" ind1="0" ind2="7">
    <subfield code="a">Genology (literature)</subfield>
    <subfield code="2">SNKPHeng</subfield>
    <subfield code="9">2944</subfield>
  </datafield>
  <datafield tag="650" ind1="0" ind2="7">
    <subfield code="a">genol&#xF3;gia</subfield>
    <subfield code="2">SNKPH</subfield>
    <subfield code="9">2945</subfield>
  </datafield>
  <datafield tag="655" ind1=" " ind2="7">
    <subfield code="a">monografie</subfield>
    <subfield code="2">SNKPH</subfield>
    <subfield code="9">1661</subfield>
  </datafield>
  <datafield tag="655" ind1=" " ind2="7">
    <subfield code="a">Monographs</subfield>
    <subfield code="2">SNKPHeng</subfield>
    <subfield code="9">1662</subfield>
  </datafield>
  <datafield tag="700" ind1="1" ind2=" ">
    <subfield code="a">Vilikovsk&#xFD;, Pavel,</subfield>
    <subfield code="d">1941-2020</subfield>
    <subfield code="4">aft</subfield>
    <subfield code="9">2946</subfield>
  </datafield>
  <datafield tag="952" ind1=" " ind2=" ">
    <subfield code="0">0</subfield>
    <subfield code="1">0</subfield>
    <subfield code="2">udc</subfield>
    <subfield code="4">0</subfield>
    <subfield code="7">0</subfield>
    <subfield code="8">K</subfield>
    <subfield code="a">10000</subfield>
    <subfield code="b">10000</subfield>
    <subfield code="d">2019-11-29</subfield>
    <subfield code="g">14.00</subfield>
    <subfield code="i">21171</subfield>
    <subfield code="o">I1834</subfield>
    <subfield code="p">I1834</subfield>
    <subfield code="r">2022-04-27</subfield>
    <subfield code="w">2022-04-27</subfield>
    <subfield code="y">OLDO</subfield>
  </datafield>
</record>
